000 00581nam a2200217Ia 4500
003 BUBTL
008 151213s9999 xx 000 0 und d
020 _a81-87125-62-4
082 _a330/JHE
100 _aM.L Jhingan
_93033
245 _aThe Economics Of Development and Planning
_cM.L Jhingan
250 _a34th
260 _aNew Delhi
_bVrinda
_c1967
300 _a866p . :
_bill . ; 22cm
650 _aEconomics
_93034
650 _aEconomics
_93034
700 _aM.L Jhingan
_93033
856 _k0
_l0
_yDownload
942 _2ddc
_cBK
999 _c4150
_d4150